| 000 | 00501cam a2200205ua 4500 | ||
|---|---|---|---|
| 001 | 545 | ||
| 005 | 20260515113201.0 | ||
| 008 | 110407n ii |||gr||||Z||||||eng | ||
| 020 | _a81-7729-018-5 | ||
| 040 | _cMAIN | ||
| 082 | _a327.54 | ||
| 245 | 1 | 2 |
_aIndian foreign policy. _cBy Prem Arora. |
| 250 | _a1st. | ||
| 260 |
_aJaipure: _bCosmose bookhive., _c2000. |
||
| 300 | _a212 p.:6 cm. | ||
| 653 | _aPolitical science. | ||
| 653 | _aIndian foreign policy. | ||
| 700 | 1 | _aArora, Prem., | |
| 942 | _cBK | ||
| 999 |
_c483 _d483 |
||